| 000 | 00624nam a2200193Ia 4500 | ||
|---|---|---|---|
| 005 | 20250508155838.0 | ||
| 008 | 008 250505s9999 xx 000 0 eng d | ||
| 037 | _aDissertations | ||
| 040 |
_aFEDL _beng _cFEDL |
||
| 041 |
_aeng _2eng |
||
| 084 |
_a330.954, SAX/DI _qFEDL |
||
| 100 |
_aSaxena Jagdish Charan _9767656 |
||
| 245 | 0 | _aConstruction of an achievement test in Indian economics for class 10th of Delhi higher secondary schools | |
| 260 | _c1958 | ||
| 300 | _a92p. | ||
| 546 | _aM. Ed. Dissertations, 1958 (Delhi University) | ||
| 942 |
_cDIS _h330.954, SAX/DI |
||
| 999 |
_c1359592 _d1359592 |
||